00466nam a22001577a 450000500170000001000150001702000260003203500130005803700130007108200060008410000220009024500820011226000320019427000570022630000250028320150729120421.0 aENG-113122 a9789384878771c199.00 aEN-96654 bDBAD/PUB aS aSabuwala, Shabbir aThe growing years :ban inspirational story of success /cby Shabbir Sabuwala aChennaibNotion Pressc2015 a5 Muthu Kalathy Street, Triplicane,bChennaie600005 axiv,201p.c21cm(pbk)